Příruční katalog elektronek
Salvato in:
| Natura: | Libro |
|---|---|
| Lingua: | ceco |
| Pubblicazione: |
Rožnov :
Tesla Rožnov,
1965
|
| Tags: |
Nessun Tag, puoi essere il primo ad aggiungerne!!
|
MARC
| LEADER | 00000nam a22000003a 4500 | ||
|---|---|---|---|
| 001 | stu206459 | ||
| 005 | 20150408182739.2 | ||
| 008 | 100706s1989----cs------------------cze-d | ||
| 040 | |a STU |b slo | ||
| 041 | 0 | |a cze | |
| 044 | |a cs | ||
| 080 | |a 621.38(085) | ||
| 080 | |a TESLA |7 stu_us_auth*stu8056 | ||
| 245 | |a Příruční katalog elektronek | ||
| 260 | |a Rožnov : |b Tesla Rožnov, |c 1965 | ||
| 996 | |b E11420 |c E*11420 |l EE11 |s P |a 0 |w stu206459_0001 | ||
| 996 | |b E11419 |c E*11419 |l EE11 |s P |a 0 |w stu206459_0002 | ||
| 996 | |b E11421 |c E*11421 |l EE11 |s P |a 0 |w stu206459_0003 | ||